00293nam a2200097Ia 4500008004100000100001800041245004600059260006100105300001200166650001700178220216s9999 xx 000 0 und d aHaistings J D 0aPlasticity and the colour of sheet rubber bJournal of the Rubber Research Institute of Malayac1938 a291-307 aSheet rubber